000
00307nam a22001337a 4500
008
170602b xxu||||| |||| 00| 0 eng d
020
_a
2900618992385
041
_a
eng
080
_2
4TH
_a
94(100)
100
_a
17
101
_a
SHH
245
_a
THE EARTH AND ITS PEOPLES
_c
BULLIET ,R.W
942
_2
udc
_c
BK
999
_c
15815
_d
15815